000
00295nam a22001337a 4500
008
170715b xxu||||| |||| 00| 0 eng d
020
_a
9780137915347
041
_a
eng
080
_2
9TH
_a
572
100
_a
24
101
_a
ANT
245
_a
CULTURAL ANTHROPOLOGY
_c
EMBER,C.R
942
_2
udc
_c
BK
999
_c
21166
_d
21166